00451nam a22001457a 450000500170000000800410001702000150005804100120007308200140008510000370009924500740013626000400021030000300025065000250028020231025073820.0231025b |||||||| |||| 00| 0 eng d a0702109991 aEnglish a347.1 JAC aJacobs M and Ehlers NEJlEnglish aLaw of Attorneys' Costs and Taxation Thereof cM Jacobs and NJ Ehlers aCape Town :bJuta & Co, Ltd, c1979 bxlvi, 486 pages ;c26 cm. aLegal practice bLaw